01574cam a2200265 i 450000500170000000800390001702000180005604000200007404100130009408200120010710000310011924501390015025000080028926000700029730000200036749000180038750400520040552006460045765300210110365300300112470000220115494200120117695201110118899900090129920240524071026.0211102s2020 ja eng a9784866580562 aDLCbengeAACR21 aenghjpn04a330.9521 aYoshikawa, Hiroshid1951- 10aPopulation and the Japanese economyb: longevity, innovation, and economic growthc/ Yoshikawa Hiroshi ; translated by Charles Stewart a1st aTokyob: Japan Publishing Industry Foundation for Culturec, 2020 a206 p.c; 20 cm0 aJapan library aIncludes bibliographical references p. 202-206. aJapan, a country where population decline is progressing and the number of workers is decreasing. While the fiscal deficit continues to expand, rural regions are in a crisis of disappearance. Isn't the decline of the nation already inevitable? Versus such preconceptions, economics which has struggled with population issues over many years responds "No!" Innovation holds the key to economic growth, and the fact that Japan is one of the world's leading longevity societies poses an opportunity. This book sweeps away the "population decline pessimism" that has spread throughout Japan and approaches the real issues of the Japanese economy 0aPopulation aging 0aTechnological innovations1 aStewart, Charles. 2ddccBK 00102ddc4070aCPLbCPLcFICd2024-05-09l0o330.952pDL00000006r2024-05-09 04:25:46t1w2024-05-09yBK c7d7